Statistics for Fish by Picture #1

Click here to take the quiz!

General Stats

  • This quiz has been taken 63,747 times
    (12,958 since last reset)
  • The average score is 11 of 15

Answer Stats

Answer % Correct
{Clown}fish
96%
Seahorse
95%
{Hammerhead} Shark
94%
{Great} {White} Shark
93%
{Cat}fish
88%
{Sword}fish
88%
Manta Ray
84%
Rainbow Trout
79%
{Puffer} Fish
73%
Moray Eel
71%
{Whale} Shark
67%
Barracuda
63%
{Lion}fish
62%
{Parrot}fish
34%
Yellow Tang
23%

Score Distribution

Percentile by Number Answered

Percent of People with Each Score

Your Score History

You have not taken this quiz since the last reset